[Event "FRA-chT Top 12 (Women)"]
[Site "Vandoeuvre"]
[Date "2008.05.17"]
[Round "3"]
[White "Iasman, Inna"]
[Black "Mallet, Berenice"]
[Result "1-0"]
[WhiteElo "1902"]
[BlackElo "1780"]
[PlyCount "117"]
[EventDate "2008.05.16"]
[EventType "team"]
[EventRounds "5"]
[EventCountry "FRA"]
[SourceTitle "CBM 124 Extra"]
[Source "ChessBase"]
[SourceDate "2008.07.03"]
[SourceVersion "1"]
[SourceVersionDate "2008.07.03"]
[SourceQuality "1"]
[WhiteTeam "Lutece (W)"]
[BlackTeam "Rennes (W)"]
[WhiteTeamCountry "FRA"]
[BlackTeamCountry "FRA"]

1. d4 e6 2. c4 f5 3. Nc3 b6 4. Nf3 Bb7 5. g3 Nf6 6. Bg2 Bb4 7. 0-0 0-0 8. Bg5 h6 9. Bd2 d6 10. Qc2 Nbd7 11. Rad1 Qe7 12. a3 Bxc3 13. Bxc3 Ne4 14. Nh4 Qf7 15. Nf3 Ndf6 16. Nd2 Qh5 17. Nxe4 Bxe4 18. Bxe4 Nxe4 19. Bd2 Qxe2 20. Qc1 Nxd2 21. Rxd2 Qf3 22. Qe1 Rf6 23. Re2 Re8 24. Re3 Qg4 25. f4 Qh5 26. d5 Qf7 27. Rf2 Qd7 28. Rfe2 Kf7 29. Qc3 g6 30. b4 Qa4 31. Kf2 a6 32. c5 Qb5 33. cxd6 cxd6 34. Qc7+ Re7 35. Qxd6 e5 36. Qb8 Re8 37. Qc7+ Re7 38. Qc3 e4 39. Qb3 Rd6 40. Rd2 Red7 41. a4 Qxd5 42. Rxd5 Rxd5 43. g4 Ke7 44. gxf5 gxf5 45. Qc4 b5 46. axb5 axb5 47. Qc6 Rd8 48. Qc3 Rd2+ 49. Re2 R2d3 50. Qg7+ Ke8 51. Qg8+ Ke7 52. Qh7+ Ke8 53. Qxf5 Rf3+ 54. Kg2 Rdd3 55. Rxe4+ Kd8 56. Qf8+ Kc7 57. Re7+ Kc6 58. Qa8+ Kb6 59. Qb7# 1-0

[Event "FRA-chT Top 12 (Women)"]
[Site "Vandoeuvre"]
[Date "2008.05.16"]
[Round "1"]
[White "Mallet, Berenice"]
[Black "Marchadour, Emilie"]
[Result "0-1"]
[WhiteElo "1780"]
[BlackElo "2125"]
[PlyCount "64"]
[EventDate "2008.05.16"]
[EventType "team"]
[EventRounds "5"]
[EventCountry "FRA"]
[SourceTitle "CBM 124 Extra"]
[Source "ChessBase"]
[SourceDate "2008.07.03"]
[SourceVersion "1"]
[SourceVersionDate "2008.07.03"]
[SourceQuality "1"]
[WhiteTeam "Rennes (W)"]
[BlackTeam "Clichy (W)"]
[WhiteTeamCountry "FRA"]
[BlackTeamCountry "FRA"]

1. d4 Nf6 2. c4 c5 3. dxc5 e6 4. Nc3 Bxc5 5. Nf3 0-0 6. Bg5 Qb6 7. e3 Qxb2 8. Bxf6 gxf6 9. Ne4 Bb4+ 10. Nfd2 Nc6 11. Rb1 Bxd2+ 12. Nxd2 Qxa2 13. Qg4+ Kh8 14. Qh4 Rg8 15. Qxf6+ Rg7 16. Bd3 Qa3 17. Be4 Qf8 18. Rb5 Qd8 19. Qh6 f5 20. Bf3 Qg5 21. Qxg5 Rxg5 22. c5 Ne5 23. Ke2 Nxf3 24. Kxf3 b6 25. cxb6 Bb7+ 26. Kf4 Rxg2 27. Nc4 Rg4+ 28. Ke5 Bxh1 29. b7 Bxb7 30. Rxb7 Rxc4 31. Rxd7 Re4+ 32. Kf6 a5 0-1

[Event "FRA-ch U14 Girls"]
[Site "Le Grand Bornand"]
[Date "2007.04.??"]
[Round "9"]
[White "Mallet, Berenice"]
[Black "Benac, Anais"]
[Result "1-0"]
[WhiteElo "1730"]
[BlackElo "1520"]
[PlyCount "67"]
[EventDate "2007.04.07"]
[EventType "swiss"]
[EventRounds "9"]
[EventCountry "FRA"]
[SourceTitle "CBM 118 Extra"]
[Source "ChessBase"]
[SourceDate "2007.07.04"]
[SourceVersion "1"]
[SourceVersionDate "2007.07.04"]
[SourceQuality "1"]

1. d4 Nf6 2. c4 d5 3. Nc3 e6 4. Bg5 Nbd7 5. e3 Be7 6. Bd3 c6 7. Nf3 dxc4 8. Bxc4 b5 9. Bd3 a6 10. 0-0 c5 11. dxc5 Nxc5 12. Bc2 Bb7 13. Nd4 0-0 14. Qb1 b4 15. Nce2 Qd5 16. Nf3 Nce4 17. Rd1 Qf5 18. Ng3 Qb5 19. Nxe4 Nd5 20. Bxe7 Nxe7 21. Nd6 Qb6 22. Nxb7 Qxb7 23. Be4 Nd5 24. Bxh7+ Kh8 25. Ne5 Qa7 26. Be4 Qc7 27. Bxd5 exd5 28. Rxd5 Rfe8 29. Qf5 Rac8 30. g3 g6 31. Qf4 Kg7 32. Rad1 Re7 33. Qd4 Qb8 34. Nc6+ 1-0

[Event "FRA-ch U14 Girls"]
[Site "Le Grand Bornand"]
[Date "2007.04.??"]
[Round "2"]
[White "Soubirou, Oriane"]
[Black "Mallet, Berenice"]
[Result "1/2-1/2"]
[WhiteElo "1560"]
[BlackElo "1730"]
[PlyCount "97"]
[EventDate "2007.04.07"]
[EventType "swiss"]
[EventRounds "9"]
[EventCountry "FRA"]
[SourceTitle "CBM 118 Extra"]
[Source "ChessBase"]
[SourceDate "2007.07.04"]
[SourceVersion "1"]
[SourceVersionDate "2007.07.04"]
[SourceQuality "1"]

1. e4 e6 2. d4 d5 3. exd5 exd5 4. Bd3 Nf6 5. Bf4 c6 6. Nd2 Be7 7. Ne2 0-0 8. 0-0 Bg4 9. f3 Bh5 10. Ng3 Nbd7 11. Re1 Re8 12. c3 Nf8 13. Nf5 Bg6 14. Nf1 Nh5 15. Bg3 Bxf5 16. Bxf5 Qb6 17. Qc2 Nxg3 18. Nxg3 Bh4 19. Re2 Bxg3 20. hxg3 Qc7 21. f4 g6 22. Bd3 Re7 23. Rae1 Rae8 24. Qd2 f5 25. Rxe7 Rxe7 26. Rxe7 Qxe7 27. Qe2 Kf7 28. Qxe7+ Kxe7 29. Kf2 Nd7 30. Ke3 Nf6 31. Be2 Ke6 32. Bf3 Ne4 33. g4 Nd6 34. b3 h6 35. Kd3 g5 36. fxg5 hxg5 37. gxf5+ Kxf5 38. Ke3 g4 39. Be2 Ne8 40. g3 Nf6 41. Bd3+ Kg5 42. c4 Nh5 43. Kf2 a6 44. a4 Kf6 45. Be2 Kf5 46. Bd3+ Kg5 47. Bc2 Ng7 48. Bd3 Ne6 49. Ke3 1/2-1/2

[Event "Bretagne-ch U14"]
[Site "Ploermel"]
[Date "2007.02.14"]
[Round "3"]
[White "Ciclaire, Alexandre"]
[Black "Mallet, Berenice"]
[Result "0-1"]
[WhiteElo "1450"]
[BlackElo "1730"]
[PlyCount "70"]
[EventDate "2007.02.13"]
[EventType "tourn"]
[EventRounds "6"]
[EventCountry "FRA"]
[SourceTitle "EXT 2008"]
[Source "ChessBase"]
[SourceDate "2007.11.25"]
[SourceVersion "1"]
[SourceVersionDate "2007.11.25"]
[SourceQuality "1"]

1. e4 e6 2. Bc4 d5 3. exd5 exd5 4. Bb3 Nf6 5. d4 Bf5 6. Nc3 Bb4 7. Qf3 Be4 8. Qh3 0-0 9. Nf3 Re8 10. 0-0 c6 11. Ng5 Bg6 12. Ba4 Nbd7 13. a3 Bd6 14. b4 b5 15. Bb3 Ne4 16. Ncxe4 Bxe4 17. Re1 Bg6 18. Rxe8+ Qxe8 19. Bd2 Nf6 20. f3 Qe2 21. Be1 Bxc2 22. Bxc2 Qxc2 23. Bh4 Qc3 24. Rd1 Bf4 25. Nxf7 Kxf7 26. Bxf6 Kxf6 27. Qh4+ Bg5 28. Qg3 Qe3+ 29. Kf1 Re8 30. Qd6+ Re6 31. Qf8+ Kg6 32. Ra1 Qd3+ 33. Kf2 Qxd4+ 34. Kf1 Qxa1+ 35. Kf2 Qe1# 0-1

[Event "Bretagne-ch U14"]
[Site "Ploermel"]
[Date "2007.02.14"]
[Round "2"]
[White "Mallet, Berenice"]
[Black "Le Gallic, Renan"]
[Result "0-1"]
[WhiteElo "1730"]
[BlackElo "1830"]
[PlyCount "74"]
[EventDate "2007.02.13"]
[EventType "tourn"]
[EventRounds "6"]
[EventCountry "FRA"]
[SourceTitle "EXT 2008"]
[Source "ChessBase"]
[SourceDate "2007.11.25"]
[SourceVersion "1"]
[SourceVersionDate "2007.11.25"]
[SourceQuality "1"]

1. d4 d6 2. c4 Nf6 3. Nc3 g6 4. Bg5 Bg7 5. g3 c6 6. Bg2 Nbd7 7. e3 Nb6 8. c5 dxc5 9. dxc5 Qxd1+ 10. Rxd1 Nbd5 11. Bxf6 Nxf6 12. Nge2 Bd7 13. 0-0 0-0-0 14. a4 Be6 15. b4 Bc4 16. Rfe1 Nd7 17. Bh3 Kc7 18. Bxd7 Rxd7 19. Rxd7+ Kxd7 20. Rd1+ Kc7 21. b5 Bxe2 22. Nxe2 Rd8 23. Rxd8 Kxd8 24. Nd4 Bxd4 25. exd4 Kd7 26. Kf1 e5 27. Ke2 e4 28. Ke3 f5 29. Kf4 Ke6 30. Kg5 Kd5 31. Kh6 Kxd4 32. Kxh7 g5 33. h4 gxh4 34. gxh4 f4 35. h5 e3 36. fxe3+ fxe3 37. h6 e2 0-1

[Event "FRA-ch U14 Girls"]
[Site "Aix les Bains"]
[Date "2006.04.22"]
[Round "8"]
[White "Nguyen, Angeline"]
[Black "Mallet, Berenice"]
[Result "1/2-1/2"]
[WhiteElo "1961"]
[BlackElo "1700"]
[PlyCount "90"]
[EventDate "2006.04.16"]
[EventType "swiss"]
[EventRounds "9"]
[EventCountry "FRA"]
[SourceTitle "EXT 2007"]
[Source "ChessBase"]
[SourceDate "2006.11.23"]
[SourceVersion "1"]
[SourceVersionDate "2006.11.23"]
[SourceQuality "1"]

1. e4 e6 2. d4 d5 3. e5 c5 4. c3 Nc6 5. Nf3 Qb6 6. Bd3 cxd4 7. cxd4 Bd7 8. Bc2 Nge7 9. 0-0 Nf5 10. Bxf5 exf5 11. Nc3 Be6 12. b3 Be7 13. Be3 0-0 14. Rc1 Rad8 15. Bg5 f6 16. Na4 Qa5 17. exf6 Bxf6 18. Nc5 Bc8 19. Bxf6 Rxf6 20. a4 f4 21. Re1 b6 22. Nd3 Bg4 23. Nde5 Bxf3 24. Nxf3 Qb4 25. Qd3 Qd6 26. Ng5 g6 27. Qh3 h5 28. Rcd1 Nb4 29. Re6 Rxe6 30. Qxe6+ Qxe6 31. Nxe6 Rc8 32. Nxf4 Rc3 33. Rb1 Kf7 34. Kf1 Kf6 35. Ke1 Kf5 36. g3 Rc6 37. Kd1 Ke4 38. Rc1 Rxc1+ 39. Kxc1 Nd3+ 40. Nxd3 Kxd3 41. f4 Kxd4 42. Kd2 Ke4 43. b4 a6 44. Ke2 Kd4 45. h3 Kc3 1/2-1/2

[Event "Bretagne-ch U14"]
[Site "Sarzeau"]
[Date "2006.02.22"]
[Round "2"]
[White "Pruvost, Charlotte"]
[Black "Mallet, Berenice"]
[Result "0-1"]
[WhiteElo "1250"]
[BlackElo "1700"]
[PlyCount "118"]
[EventDate "2006.02.21"]
[EventType "swiss"]
[EventRounds "6"]
[EventCountry "FRA"]
[SourceTitle "EXT 2007"]
[Source "ChessBase"]
[SourceDate "2006.11.23"]
[SourceVersion "1"]
[SourceVersionDate "2006.11.23"]
[SourceQuality "1"]

1. e4 e6 2. Nc3 d5 3. Bd3 Nf6 4. f3 Bc5 5. Nge2 0-0 6. Nf4 dxe4 7. fxe4 c6 8. Qe2 e5 9. Nh5 Nxh5 10. Qxh5 Qd4 11. Nd1 Nd7 12. c3 Qxd3 13. b4 Qxe4+ 14. Qe2 Qxe2+ 15. Kxe2 Bb6 16. Rf1 Nf6 17. d3 Bg4+ 18. Ke1 h6 19. h3 Bh5 20. g4 Bg6 21. a4 Bxd3 22. Rf5 Bxf5 23. gxf5 Rfe8 24. a5 Bc7 25. Ne3 Nd5 26. Ng4 Nxc3 27. f6 g6 28. Nxh6+ Kf8 29. Bd2 Nd5 30. Ng4 e4 31. Bh6+ Kg8 32. Bg7 Be5 33. Nh6+ Kh7 34. Rd1 Bxf6 35. Bxf6 Nxf6 36. Nxf7 e3 37. Rd6 Nd5 38. Ng5+ Kh6 39. Nf3 Rad8 40. Rxd8 Rxd8 41. Ke2 Re8 42. h4 Nf4+ 43. Ke1 e2 44. Kf2 Nd3+ 45. Kg2 e1Q 46. Nxe1 Rxe1 47. Kg3 Rf1 48. Kg2 Rf4 49. Kg3 g5 50. hxg5+ Kxg5 51. a6 bxa6 52. b5 axb5 53. Kh3 Rc4 54. Kg3 Rc3 55. Kg2 Kg4 56. Kh2 Rc2+ 57. Kg1 Kf3 58. Kh1 Kg3 59. Kg1 Rc1# 0-1

[Event "Bretagne-ch U14"]
[Site "Sarzeau"]
[Date "2006.02.21"]
[Round "1"]
[White "Mallet, Berenice"]
[Black "Auffret, Gaelle"]
[Result "1-0"]
[WhiteElo "1700"]
[BlackElo "1390"]
[PlyCount "55"]
[EventDate "2006.02.21"]
[EventType "swiss"]
[EventRounds "6"]
[EventCountry "FRA"]
[SourceTitle "EXT 2007"]
[Source "ChessBase"]
[SourceDate "2006.11.23"]
[SourceVersion "1"]
[SourceVersionDate "2006.11.23"]
[SourceQuality "1"]

1. d4 e6 2. c4 f5 3. Nc3 b6 4. Nf3 Bb7 5. Bf4 Bb4 6. e3 Nf6 7. Bd3 0-0 8. 0-0 Nc6 9. Nb5 Rc8 10. a3 Be7 11. Rc1 a6 12. Nc3 Bd6 13. Bxd6 cxd6 14. d5 exd5 15. Nxd5 Nxd5 16. cxd5 Ne7 17. Qd2 Nxd5 18. Bxa6 Rxc1 19. Rxc1 Bc6 20. Bc4 Qa8 21. Rd1 Kh8 22. Bxd5 Bxd5 23. Qxd5 Qxd5 24. Rxd5 Rf6 25. Nd4 g6 26. Nb5 Re6 27. Nxd6 Re4 28. Nxe4 1-0

[Event "FRA-chT4 0506"]
[Site "Bretagne"]
[Date "2006.01.15"]
[Round "4"]
[White "Mallet, Berenice"]
[Black "Nello, Stephane"]
[Result "1-0"]
[WhiteElo "1700"]
[BlackElo "1299"]
[PlyCount "61"]
[EventDate "2005.10.16"]
[EventType "team"]
[EventRounds "7"]
[EventCountry "FRA"]
[SourceTitle "EXT 2007"]
[Source "ChessBase"]
[SourceDate "2006.11.23"]
[SourceVersion "1"]
[SourceVersionDate "2006.11.23"]
[SourceQuality "1"]

1. d4 d5 2. c4 Nf6 3. Nc3 e6 4. Bg5 Be7 5. e3 0-0 6. Bd3 g6 7. Nf3 Nc6 8. 0-0 b6 9. Rc1 a5 10. Nb5 Ba6 11. Bxf6 Bxf6 12. cxd5 Qxd5 13. Nxc7 Qd6 14. Nxa8 Bxd3 15. Qxd3 Rxa8 16. Qe4 Rc8 17. Ne5 Bxe5 18. dxe5 Qd7 19. Rfd1 Rd8 20. Rxd7 Rxd7 21. Qxc6 Rd8 22. h3 Kg7 23. Qxb6 Rd5 24. Rc5 Rd1+ 25. Kh2 Rf1 26. f3 g5 27. Rc7 Kg6 28. Qb8 h5 29. Qg8+ Kh6 30. Rxf7 g4 31. Rf6# 1-0

[Event "FRA-chT U20a 0405"]
[Site "France"]
[Date "2005.05.16"]
[Round "11.5"]
[White "Iss, Gabriel"]
[Black "Mallet, Berenice"]
[Result "0-1"]
[WhiteElo "1220"]
[BlackElo "1510"]
[PlyCount "48"]
[EventDate "2004.11.19"]
[EventType "team"]
[EventRounds "11"]
[EventCountry "FRA"]
[SourceTitle "EXT 2006"]
[Source "ChessBase"]
[SourceDate "2005.11.24"]
[SourceVersion "1"]
[SourceVersionDate "2005.11.24"]
[SourceQuality "1"]

1. e4 e6 2. d4 d5 3. exd5 exd5 4. Nf3 Nc6 5. c4 Nf6 6. Nc3 Bg4 7. Be3 Be7 8. Bd3 dxc4 9. Bxc4 0-0 10. 0-0 Qd6 11. d5 Ne5 12. Be2 a6 13. Nxe5 Bxe2 14. Nxf7 Qxh2+ 15. Kxh2 Bxd1 16. Nh6+ gxh6 17. Raxd1 Ng4+ 18. Kh1 Nxe3 19. fxe3 Bg5 20. e4 Bf6 21. Rfe1 Rae8 22. Rc1 Bd4 23. Nd1 Rf4 24. Rxc7 Rh4# 0-1

[Event "FRA-chT U20a 0405"]
[Site "France"]
[Date "2005.05.15"]
[Round "9.6"]
[White "Mallet, Berenice"]
[Black "Rakotoniaina Balseiro, Erwin"]
[Result "1-0"]
[WhiteElo "1510"]
[BlackElo "1510"]
[PlyCount "75"]
[EventDate "2004.11.19"]
[EventType "team"]
[EventRounds "11"]
[EventCountry "FRA"]
[SourceTitle "EXT 2006"]
[Source "ChessBase"]
[SourceDate "2005.11.24"]
[SourceVersion "1"]
[SourceVersionDate "2005.11.24"]
[SourceQuality "1"]

1. d4 d5 2. c4 c6 3. Nc3 Nf6 4. e3 Bf5 5. Nge2 e6 6. Ng3 Bg6 7. Be2 dxc4 8. Bxc4 Bd6 9. 0-0 0-0 10. Bd3 Nbd7 11. e4 e5 12. d5 cxd5 13. exd5 Nb6 14. Bg5 Be7 15. Bxg6 fxg6 16. Nge4 Rf7 17. d6 Bf8 18. Nb5 h6 19. Bxf6 gxf6 20. Rc1 a6 21. Nc7 Rc8 22. Re1 Rd7 23. Qb3+ Kh7 24. Ne6 Rxc1 25. Rxc1 Qe8 26. Nxf6+ Kh8 27. Nxe8 Bxd6 28. Qxb6 Be7 29. g3 h5 30. Rc8 Rd1+ 31. Kg2 Kh7 32. Qc7 g5 33. Nf6+ Kg6 34. Qc2+ Kxf6 35. Qxd1 Kxe6 36. Qb3+ Kd7 37. Qxb7+ Kd6 38. Qc6# 1-0

[Event "FRA-chT U20a 0405"]
[Site "France"]
[Date "2005.05.14"]
[Round "8.4"]
[White "Chretien, Antonin"]
[Black "Mallet, Berenice"]
[Result "0-1"]
[WhiteElo "1740"]
[BlackElo "1510"]
[PlyCount "92"]
[EventDate "2004.11.19"]
[EventType "team"]
[EventRounds "11"]
[EventCountry "FRA"]
[SourceTitle "EXT 2006"]
[Source "ChessBase"]
[SourceDate "2005.11.24"]
[SourceVersion "1"]
[SourceVersionDate "2005.11.24"]
[SourceQuality "1"]

1. d4 e6 2. Nf3 f5 3. e4 Nf6 4. e5 Ne4 5. Nbd2 Bb4 6. c3 Nxd2 7. Bxd2 Be7 8. Bc4 Nc6 9. h4 0-0 10. Ng5 h6 11. Nf3 b6 12. Rh3 Qe8 13. h5 Qd8 14. Qe2 Bb7 15. 0-0-0 Na5 16. Bd3 c5 17. dxc5 Bxc5 18. Rg3 Kh8 19. b4 Bxb4 20. cxb4 Qc7+ 21. Kb1 Nc6 22. Qe3 Ne7 23. Rc1 Qd8 24. Nh4 f4 25. Qe2 fxg3 26. fxg3 d6 27. Qg4 g5 28. hxg6 Kg7 29. exd6 Qxd6 30. Bc3+ Kg8 31. Bc4 Bd5 32. Rd1 Rac8 33. Bxd5 exd5 34. g7 Rf7 35. Bb2 Qd8 36. Qh5 Qd6 37. a3 Rc6 38. Ka1 Qxg3 39. Nf3 Qg6 40. Qh4 Qc2 41. Rd2 Qf5 42. Ne5 Qf1+ 43. Ka2 Qf4 44. Nxc6 Qxh4 45. Nxe7+ Rxe7 46. Rxd5 Qc4+ 0-1

[Event "FRA-chT4 0405"]
[Site "Bretagne"]
[Date "2005.03.13"]
[Round "6"]
[White "Mallet, Berenice"]
[Black "Treguier, Olivier"]
[Result "1-0"]
[WhiteElo "1550"]
[BlackElo "1860"]
[PlyCount "89"]
[EventDate "2004.04.03"]
[EventType "team"]
[EventRounds "7"]
[EventCountry "FRA"]
[SourceTitle "EXT 2007"]
[Source "ChessBase"]
[SourceDate "2006.11.23"]
[SourceVersion "1"]
[SourceVersionDate "2006.11.23"]
[SourceQuality "1"]

1. d4 Nf6 2. Bg5 d6 3. Bxf6 exf6 4. c4 Bf5 5. Nc3 Nd7 6. e3 c6 7. Nge2 Nb6 8. Nf4 g5 9. Nh5 Bg6 10. Ng3 d5 11. cxd5 Nxd5 12. Bc4 Nb6 13. Bb3 Be7 14. 0-0 0-0 15. f4 h6 16. f5 Bh7 17. e4 Qd7 18. Qd3 Rad8 19. Rad1 Rfe8 20. d5 cxd5 21. Nxd5 Qd6 22. Kh1 Nd7 23. Nxe7+ Qxe7 24. Qd6 Kf8 25. Qxe7+ Kxe7 26. Ba4 Rf8 27. Rf3 Nc5 28. Rxd8 Rxd8 29. Bc2 Rd2 30. Rc3 b6 31. Kg1 Kd6 32. b4 Na6 33. a3 Kd7 34. Ba4+ Ke7 35. Bb5 Nb8 36. Rc7+ Nd7 37. Rxa7 Rd6 38. Ne2 Bxf5 39. exf5 Rd5 40. Nc3 Rd4 41. Na4 Kd8 42. Rxd7+ Rxd7 43. Bxd7 Kxd7 44. Nxb6+ Kc6 45. Nc4 1-0

[Event "FRA-chT U20 0405"]
[Site "Agneaux"]
[Date "2004.12.21"]
[Round "7.4"]
[White "Mallet, Berenice"]
[Black "Teixeira, Andre"]
[Result "1-0"]
[WhiteElo "1510"]
[BlackElo "1740"]
[PlyCount "91"]
[EventDate "2004.12.16"]
[EventType "team"]
[EventRounds "7"]
[EventCountry "FRA"]
[SourceTitle "EXT 2006"]
[Source "ChessBase"]
[SourceDate "2005.11.24"]
[SourceVersion "1"]
[SourceVersionDate "2005.11.24"]
[SourceQuality "1"]
[WhiteTeam "Rennes Paul Bert"]
[BlackTeam "AECE"]
[WhiteTeamCountry "FRA"]
[BlackTeamCountry "FRA"]

1. d4 Nf6 2. Bg5 d6 3. Bxf6 exf6 4. c4 g6 5. Nc3 Bg7 6. e3 0-0 7. Bd3 Nc6 8. Nge2 Bg4 9. f3 Bd7 10. 0-0 Qc8 11. e4 f5 12. exf5 Bxf5 13. Bxf5 Qxf5 14. Re1 Rfe8 15. Qd2 Nb4 16. Ne4 Nc6 17. N4c3 Rad8 18. Nd5 Rc8 19. Kh1 Ne7 20. Ng3 Qd7 21. Nxe7+ Rxe7 22. Rxe7 Qxe7 23. Re1 Qf6 24. Qb4 b6 25. Qa4 Qxd4 26. Qxa7 Qxc4 27. b3 Qc3 28. Rf1 Re8 29. Ne4 Qc2 30. Qa4 Re5 31. Qa8+ Bf8 32. Nf6+ Kg7 33. Nxh7 Be7 34. f4 Re2 35. Ng5 Bxg5 36. fxg5 Qxa2 37. Qf3 Re7 38. Qf6+ Kg8 39. Qxe7 Qxb3 40. Qd8+ Kg7 41. Qxc7 Qd5 42. Qxb6 Qd3 43. Qf2 Qd5 44. Qf3 Qc4 45. Qf6+ Kg8 46. Rd1 1-0

[Event "FRA-chT U20 0405"]
[Site "Agneaux"]
[Date "2004.12.20"]
[Round "6.5"]
[White "Mallet, Berenice"]
[Black "Capponi, Axel"]
[Result "0-1"]
[WhiteElo "1510"]
[BlackElo "1700"]
[PlyCount "80"]
[EventDate "2004.12.16"]
[EventType "team"]
[EventRounds "7"]
[EventCountry "FRA"]
[SourceTitle "EXT 2006"]
[Source "ChessBase"]
[SourceDate "2005.11.24"]
[SourceVersion "1"]
[SourceVersionDate "2005.11.24"]
[SourceQuality "1"]
[WhiteTeam "Rennes Paul Bert"]
[BlackTeam "Cannes"]
[WhiteTeamCountry "FRA"]
[BlackTeamCountry "FRA"]

1. e4 c5 2. Nc3 Nc6 3. f4 g6 4. Nf3 Bg7 5. Bb5 Nd4 6. Nxd4 cxd4 7. Ne2 Qb6 8. Bc4 Nf6 9. d3 0-0 10. 0-0 d6 11. h3 Qc5 12. Ng3 a5 13. f5 b5 14. Bd5 Nxd5 15. exd5 Qxd5 16. fxg6 hxg6 17. Bf4 Bb7 18. Rf3 Rac8 19. Ne4 Rc7 20. Rf2 Rfc8 21. a4 b4 22. b3 Qc6 23. Rc1 Qd7 24. Nd2 e5 25. Bh2 d5 26. Re2 Re8 27. Qe1 Qf5 28. Nf3 Rce7 29. Qf2 e4 30. dxe4 dxe4 31. Nh4 Qxf2+ 32. Kxf2 d3 33. cxd3 exd3 34. Rxe7 Rxe7 35. Rd1 Bd4+ 36. Kf1 Ba6 37. g4 d2+ 38. Kg2 Re2+ 39. Kg3 Be5+ 40. Kf3 Rxh2 0-1

[Event "FRA-chT U20 0405"]
[Site "Agneaux"]
[Date "2004.12.19"]
[Round "4.4"]
[White "Delivre, Raphael"]
[Black "Mallet, Berenice"]
[Result "1-0"]
[WhiteElo "1976"]
[BlackElo "1510"]
[PlyCount "81"]
[EventDate "2004.12.16"]
[EventType "team"]
[EventRounds "7"]
[EventCountry "FRA"]
[SourceTitle "EXT 2006"]
[Source "ChessBase"]
[SourceDate "2005.11.24"]
[SourceVersion "1"]
[SourceVersionDate "2005.11.24"]
[SourceQuality "1"]
[WhiteTeam "Paris NAO"]
[BlackTeam "Rennes Paul Bert"]
[WhiteTeamCountry "FRA"]
[BlackTeamCountry "FRA"]

1. e4 e6 2. d4 d5 3. Nd2 c5 4. exd5 exd5 5. Bb5+ Bd7 6. Qe2+ Be7 7. Ngf3 Nf6 8. 0-0 0-0 9. dxc5 Bxc5 10. Bxd7 Nbxd7 11. Nb3 Rc8 12. Bg5 Qb6 13. Nxc5 Qxc5 14. c3 Rfe8 15. Qd3 a5 16. Rfd1 a4 17. a3 h6 18. Be3 Qc4 19. Qc2 Ne4 20. Rd4 Qc6 21. Rxa4 Ra8 22. Rxa8 Rxa8 23. Nd4 Qc4 24. f3 Nd6 25. Bf4 Nb5 26. Rd1 Re8 27. Nxb5 Qxb5 28. Qf5 Qe2 29. Qxd5 Nf6 30. Qd2 Qe6 31. Qd4 Qb3 32. Rd2 Re1+ 33. Kf2 Rb1 34. Qd8+ Kh7 35. Qd3+ Kg8 36. Qxb1 Qb6+ 37. Be3 Qc7 38. Qf5 Ne8 39. Rd7 Qc4 40. Qd5 Qa4 41. Ke2 1-0

[Event "FRA-chT U20 0405"]
[Site "France"]
[Date "2004.11.21"]
[Round "2.6"]
[White "Mallet, Berenice"]
[Black "Hallope, Arnaud"]
[Result "0-1"]
[WhiteElo "1510"]
[BlackElo "1450"]
[PlyCount "94"]
[EventDate "2004.11.20"]
[EventType "team"]
[EventRounds "11"]
[EventCountry "FRA"]
[SourceTitle "CBM 103 Extra"]
[Source "ChessBase"]
[SourceDate "2005.01.01"]
[SourceVersion "1"]
[SourceVersionDate "2005.01.01"]
[SourceQuality "1"]

1. d4 d5 2. c4 e6 3. Nc3 Nf6 4. Bg5 Be7 5. e3 0-0 6. Rc1 Nbd7 7. Nf3 b6 8. Bd3 c5 9. cxd5 Nxd5 10. Bxe7 Qxe7 11. 0-0 Bb7 12. Re1 Rac8 13. e4 Nb4 14. Bc4 Rfd8 15. a3 Nc6 16. d5 Nce5 17. Bb3 Nxf3+ 18. Qxf3 Ne5 19. Qh3 exd5 20. exd5 Qg5 21. Ne4 Qe7 22. Rcd1 Ng6 23. d6 Qd7 24. Qxd7 Rxd7 25. Re3 c4 26. Ba4 Bc6 27. Bxc6 Rxc6 28. Re2 f5 29. Ng5 Rcxd6 30. Re8+ Nf8 31. Rxd6 Rxd6 32. h3 h6 33. Nf3 Rd1+ 34. Kh2 Rb1 35. Re2 f4 36. Re4 Rxb2 37. Rxc4 g5 38. Rc6 Kg7 39. Rc7+ Kg6 40. Rc6+ Kg7 41. Rc7+ Kg8 42. Rxa7 Rxf2 43. Ra6 Rb2 44. Ne5 h5 45. Nc4 Rc2 46. Nxb6 g4 47. Nd5 g3+ 0-1

[Event "FRA-chT U20 0405"]
[Site "France"]
[Date "2004.11.20"]
[Round "1.5"]
[White "Langlois, Xavier"]
[Black "Mallet, Berenice"]
[Result "1-0"]
[WhiteElo "1730"]
[BlackElo "1510"]
[PlyCount "47"]
[EventDate "2004.11.20"]
[EventType "team"]
[EventRounds "11"]
[EventCountry "FRA"]
[SourceTitle "CBM 103 Extra"]
[Source "ChessBase"]
[SourceDate "2005.01.01"]
[SourceVersion "1"]
[SourceVersionDate "2005.01.01"]
[SourceQuality "1"]

1. e4 e6 2. d4 d5 3. e5 c5 4. c3 Nc6 5. Nf3 Nge7 6. Be3 Ng6 7. Bd3 Be7 8. 0-0 0-0 9. Nbd2 cxd4 10. cxd4 f6 11. Bxg6 hxg6 12. Qc2 Kh7 13. h4 fxe5 14. h5 e4 15. hxg6+ Kxg6 16. Ne1 Kf7 17. f3 Rh8 18. fxe4+ Kg8 19. e5 Qe8 20. Rf3 Qh5 21. Rh3 Qe2 22. Rf3 Qb5 23. Qg6 Bd7 24. Qf7+ 1-0

[Event "Bretagne-ch U16"]
[Site "Quimper"]
[Date "2004.02.12"]
[Round "4"]
[White "Cloarec, Audrey"]
[Black "Mallet, Berenice"]
[Result "1-0"]
[WhiteElo "1590"]
[BlackElo "1540"]
[PlyCount "87"]
[EventDate "2004.02.10"]
[EventType "tourn"]
[EventRounds "7"]
[EventCountry "FRA"]
[SourceTitle "EXT 2008"]
[Source "ChessBase"]
[SourceDate "2007.11.25"]
[SourceVersion "1"]
[SourceVersionDate "2007.11.25"]
[SourceQuality "1"]

1. e4 Nc6 2. Nf3 d5 3. exd5 Qxd5 4. Nc3 Qa5 5. Be2 Bg4 6. h3 Qh5 7. Ne4 Bxf3 8. Bxf3 Qe5 9. 0-0 Nf6 10. Re1 Nxe4 11. Rxe4 Qf6 12. d4 0-0-0 13. c3 e5 14. d5 Bc5 15. Be3 Bxe3 16. Rxe3 Rd6 17. Qe2 Ne7 18. Rxe5 Re8 19. Re1 Kd8 20. c4 b6 21. b4 c5 22. dxc6 Re6 23. Rxe6 Qxe6 24. Qxe6 fxe6 25. Rxe6 Nc8 26. Rxe8+ Kxe8 27. b5 Ke7 28. Kf1 Kd6 29. Ke2 Kc5 30. Kd3 Nd6 31. Bd5 Ne8 32. a3 Nc7 33. g4 g5 34. Ke4 Kd6 35. Kf5 a6 36. bxa6 Nxa6 37. Kxg5 Nc5 38. f4 b5 39. f5 bxc4 40. Bxc4 Kxc6 41. Kh6 Kd6 42. Kxh7 Ke7 43. Kg7 Nd7 44. Be6 1-0

[Event "Bretagne-ch U16"]
[Site "Quimper"]
[Date "2004.02.11"]
[Round "3"]
[White "Legrand, Fabienne"]
[Black "Mallet, Berenice"]
[Result "0-1"]
[WhiteElo "1199"]
[BlackElo "1540"]
[PlyCount "52"]
[EventDate "2004.02.10"]
[EventType "tourn"]
[EventRounds "7"]
[EventCountry "FRA"]
[SourceTitle "EXT 2008"]
[Source "ChessBase"]
[SourceDate "2007.11.25"]
[SourceVersion "1"]
[SourceVersionDate "2007.11.25"]
[SourceQuality "1"]

1. e4 c6 2. Nf3 d5 3. exd5 cxd5 4. Nc3 Nf6 5. Bb5+ Nc6 6. 0-0 Bg4 7. Be2 e6 8. d4 Bd6 9. a3 0-0 10. Bd2 Bxf3 11. Bxf3 Qc7 12. g3 Nxd4 13. Be2 Rac8 14. Bd3 Ne4 15. Be3 Nxc3 16. Qg4 f5 17. Qxd4 Be5 18. Qh4 Ne4 19. Bxa7 b6 20. Bxb6 Qxb6 21. Qe7 Bd4 22. Kg2 Nxf2 23. Be2 Rxc2 24. Bd1 Nxd1+ 25. Kh3 Bg1 26. Raxd1 Rxh2# 0-1